| Tag |
First Indicator |
Second Indicator |
Subfields |
| LEADER |
00000cam a2200000 4500 |
| 001 |
in00000052879 |
| 005 |
20151007074208.0 |
| 008 |
760402s1914 ilu 00010 engm |
| 010 |
|
|
|a 14003570
|
| 035 |
|
|
|a (OCoLC)02087801
|
| 035 |
|
|
|9 AAF1103AM
|
| 040 |
|
|
|a DLC
|c TLM
|d TXA
|d UtOrBLW
|
| 049 |
|
|
|a TXAM
|c [3876]
|
| 050 |
|
0 |
|a S501
|b .B6
|
| 092 |
|
|
|a 630
|b B69
|
| 100 |
1 |
|
|a Bolte, J. Willard.
|
| 245 |
1 |
4 |
|a The back yard farmer /
|c by J. Willard Bolte.
|
| 264 |
|
1 |
|a Chicago :
|b Forbes,
|c 1914.
|
| 300 |
|
|
|a 238 pages ;
|c 20 cm.
|
| 336 |
|
|
|a text
|b txt
|2 rdacontent
|
| 337 |
|
|
|a unmediated
|b n
|2 rdamedia
|
| 338 |
|
|
|a volume
|b nc
|2 rdacarrier
|
| 650 |
|
0 |
|a Gardening.
|
| 650 |
|
0 |
|a Poultry.
|
| 999 |
|
|
|a MARS
|
| 999 |
f |
f |
|s ff9d42a4-c6bb-388e-9bf9-ae2482b3932b
|i 2d212e17-4648-3ec0-a366-132119054bdf
|t 0
|
| 952 |
f |
f |
|p ric
|a Texas A&M University
|b Rellis Campus
|c Joint Library Facility
|d Remote Storage
|t 0
|e S501 .B6
|h Library of Congress classification
|i unmediated -- volume
|m A14801051603
|
| 998 |
f |
f |
|a S501 .B6
|t 0
|l Remote Storage
|